Normal view
MARC view
Entry Personal Name
001 - CONTROL NUMBER
- control field: 508530
003 - CONTROL NUMBER IDENTIFIER
- control field: OSt
005 - DATE AND TIME OF LATEST TRANSACTION
- control field: 20220928144600.0
008 - FIXED-LENGTH DATA ELEMENTS
- fixed length control field: 220928|| aca||aabn | a|a d
040 ## - CATALOGING SOURCE
- Original cataloging agency: OSt
- Transcribing agency: OSt
100 ## - HEADING--PERSONAL NAME
- Personal name: Dalenoort G J Ed
670 ## - SOURCE DATA FOUND
- Source citation: Work cat.: (OSt)828279: Dalenoort G J Ed., Process models for psychology., 1973
